Statistics for Match the City to it's 3-Digit Airport Code

Click here to take the quiz!

General Stats

  • This quiz has been taken 25 times
  • The average score is 75 of 100

Answer Stats

HintAnswer% Correct
BogotaBOG
100%
St. LouisSTL
100%
AthensATH
91%
BostonBOS
91%
CairoCAI
91%
DenverDEN
91%
DohaDOH
91%
DublinDUB
91%
EdinburghEDI
91%
HavanaHAV
91%
Hong KongHKG
91%
IndianapolisIND
91%
Kuala LumpurKUL
91%
LimaLIM
91%
LisbonLIS
91%
MadridMAD
91%
Mexico CityMEX
91%
MiamiMIA
91%
MunichMUC
91%
MontevideoMVD
91%
NairobiNBO
91%
NiceNCE
91%
PerthPER
91%
SeattleSEA
91%
San FranciscoSFO
91%
Tel AvivTLV
91%
TaipeiTPE
91%
ZagrebZAG
91%
AccraACC
86%
AmsterdamAMS
86%
AnchorageANC
86%
BerlinBER
86%
BangkokBKK
86%
BrusselsBRU
86%
CopenhagenCPH
86%
DetroitDTW
86%
HonoluluHNL
86%
IstanbulIST
86%
KathmanduKTM
86%
Las VegasLAS
86%
Los AngelesLAX
86%
ManilaMNL
86%
OsloOSL
86%
PhiladelphiaPHL
86%
SuvaSUV
86%
SydneySYD
86%
ViennaVIE
86%
WarsawWAW
86%
WellingtonWLG
86%
Abu DhabiAUH
82%
BeirutBEY
82%
CaracasCCS
82%
ChristchurchCHC
82%
New DelhiDEL
82%
New York CityJFK
82%
LahoreLHE
82%
BrasiliaBSB
77%
CanberraCBR
77%
Dallas/Fort WorthDFW
77%
KyivIEV
77%
Santo DomingoSDQ
77%
San JuanSJU
77%
VancouverYVX
77%
BernBRN
73%
DhakaDAC
73%
NewarkEWR
73%
LondonLHR
73%
SingaporeSIN
73%
ParisCDG
68%
LuandaLAD
68%
LagosLOS
68%
PortlandPDX
68%
TorontoYYZ
68%
MumbaiBOM
64%
Washington D.C.DCA
64%
DubaiDXB
64%
RomeFCO
59%
HoustonIAH
59%
SeoulICN
59%
ChicagoORD
59%
BrisbaneBNE
55%
KolkataCCU
55%
TokyoHND
55%
MilanMXP
55%
Panama CityPTY
55%
NashvilleBNA
50%
JakartaCGK
50%
New OrelansMSY
50%
BeijingPKX
50%
Ho Chi Minh CitySGN
50%
Sao PauloGRU
45%
ShanghaiPVG
45%
SantiagoSCL
45%
MoscowSVO
45%
Kansas CityMCI
41%
MontrealYUL
41%
Buenos AiresAEP
32%
StockholmARN
32%
CasablancaCMN
32%
DakarDSS
32%

Score Distribution

Percentile by Number Answered

Percent of People with Each Score

Your Score History

You have not taken this quiz